| Tag |
First Indicator |
Second Indicator |
Subfields |
| LEADER |
00000cam a2200000 4500 |
| 001 |
in00000044894 |
| 005 |
20151007065123.0 |
| 008 |
770819s1899 nyuab 00010 eng |
| 010 |
|
|
|a 99001158
|
| 035 |
|
|
|a (OCoLC)03200342
|
| 035 |
|
|
|9 AAE1326AM
|
| 040 |
|
|
|a DLC
|c MUB
|d TXA
|d UtOrBLW
|
| 049 |
|
|
|a TXAM
|c [22050]
|
| 050 |
|
0 |
|a TD380
|b .M38
|
| 092 |
|
|
|a 543.3
|b M412e
|
| 100 |
1 |
|
|a Mason, William Pitt,
|d 1853-1937.
|
| 245 |
1 |
0 |
|a Examination of water. :
|b (Chemical and bacteriological) /
|c By William P. Mason.
|
| 250 |
|
|
|a 1st ed. 1st thousand.
|
| 264 |
|
1 |
|a New York :
|b J. Wiley & sons; [etc., etc.],
|c 1899.
|
| 300 |
|
|
|a 3 pages ., 135 pages :
|b including illustrations, 2 plates, diagrams 2 folded maps. ;
|c 19 cm.
|
| 336 |
|
|
|a text
|b txt
|2 rdacontent
|
| 337 |
|
|
|a unmediated
|b n
|2 rdamedia
|
| 338 |
|
|
|a volume
|b nc
|2 rdacarrier
|
| 650 |
|
0 |
|a Water
|x Analysis.
|
| 999 |
|
|
|a MARS
|
| 999 |
f |
f |
|s f3724270-c499-3c27-9ba6-e873ede27180
|i bfd0be31-8865-3e80-bcf2-a37effdc72f8
|t 0
|
| 952 |
f |
f |
|p ric
|a Texas A&M University
|b Rellis Campus
|c Joint Library Facility
|d Remote Storage
|t 0
|e TD380 .M38
|h Library of Congress classification
|i unmediated -- volume
|m A14800939507
|
| 998 |
f |
f |
|a TD380 .M38
|t 0
|l Remote Storage
|